000 00777nam a2200205Ia 4500
003 IN-BaIIA
008 211028s9999 xx 000 0 eng d
020 _a978-0-8194-7220-5
040 _cIIA Library
080 _a535(082.1)
_bSPI-7010
100 _aOschmann, J. M
_932696
245 0 _aSpace telescopes and instrumentation 2008
_boptical, infrared and millimeter
_cJ. M. Oschmann,M. W. M de Graauw and H. A MacEwen
260 _aWashington
_bThe International Society for Optical Engineering
_c2008
300 _a[various pagings.]
650 _aInstrumentation - congresses
_931707
650 _aSpace telescopes - congresses
_932697
700 _ade Graauw, M. W. M.
_932698
700 _aMacEwen, H. A
_932699
942 _cBK
999 _c17339
_d17339